000 01282nam a2200313 a 4500
001 BRCA_4403
005 20190320204646.0
008 990111s1996----mx-a#####b---#001-0#spa-#
020 _a9683648991
041 _aspa
044 _amx
050 4 _aKGF251
_b.Y76 1996
100 1 _aYrolo Calar, Nicolás de
_911179
245 1 0 _aLa política de escrituras
_bestudio preliminar, índices, glosario y apéndices
_cNicolás de Yrolo Calar ; María del Pilar Martínez López-Cano, coordinadora ; editores Ivonne Mijares Ramírez ; Javier Sanchiz Ruiz.
260 _aMéxico
_bUNAM
_c1996
300 _alxxvii, 299 p.
_bil.
_c23 cm.
440 0 _aInstituto de Investigaciones Históricas
_pSerie Historia novohispana
_v56
_911180
500 _aIncluye glosario de términos e índice de nombres y de materias
500 _aEdición original: [Mexico] : Diego López Dávalos, 1605
500 _aColección Sonia Corcuera de Mancera
504 _aBibliografía: p. [257]-264
650 1 4 _aNotarías
_xHistoria
_zMéxico
_911181
650 1 4 _aInstrumentos legales
_xHistoria
_zMéxico
_911182
700 1 _aMartínez López-Cano, María del Pilar
_911183
700 1 _aMijares Ramírez, Ivonne
_911184
700 1 _aSanchiz Ruiz, Javier
_911185
902 _aDSC
942 _2lcc
_cB
999 _c4113
_d4113